000 00474nam a2200181Ia 4500
001 10692
005 20260306161851.0
008 260306t1986||||xx |||||||||||||| ||spa||
041 _aESP
082 _a946.081
_bG43
100 _aGibson, Ian
_eAUT
245 0 _aQueipo de llano:
_bSevilla, verano de 1936 (con las charlas radiofónicas completas)
260 _c1986
300 _a480 páginas :
_c22 cm.
650 _aGEN
654 _aCHU
942 _cLIB
_dJUS
_fJUS
_2ddc
_n
999 _c10692
_d10692